Les grandes Lignes de l'economie agricole de l'Egypte

محفوظ في:

المؤلف الرئيسي: Anhoury, Jean (Verfasser)

التنسيق: كتاب

اللغة: French

منشور في: Le Caire Impr. nat. 1941

سلاسل: L'Egypte contemporaine ; No 199

الوسوم: إضافة وسم

لا توجد وسوم, كن أول من يضع وسما على هذه التسجيلة!

رقم الطلب: HD2123 A85x 1981

LEADER 00730cam a2200205Mc 4500
001 on1070159603
003 OCoLC
005 20240221002613.0
008 971113s1941 ua 000 0 fre d
050 4 |a HD2123  |b A85x 1981 
100 1 |a Anhoury, Jean,  |e Verfasser 
245 1 0 |a Les grandes Lignes de l'economie agricole de l'Egypte  |c Soc. Fouad 1er d'econ. politique, de statistique et de legislation ; Par Jean Anhoury. 
264 1 |a Le Caire  |b Impr. nat.  |c 1941 
300 |a Seite 498-647 ;  |c 24 cm 
336 |a text  |b txt  |2 rdacontent 
337 |a unmediated  |b n  |2 rdamedia 
338 |a volume  |b nc  |2 rdacarrier 
490 1 |a L'Egypte contemporaine  |v No 199 
830 0 |a L'Egypte contemporaine ;  |v No 199  |w (DE-605)HT006924063 
999 |c 56951  |d 56951